00678cam a22002291 4500001001300000003000400013005001700017008004100034010001700075035001900092040001800111042001200129050001700141100002000158245005800178260004000236300005200276490002700328650004300355650003500398999001500433af 47002824 DLC20260227110816.0750331s1941 xx 000 0 ger  aaf 47002824  a(OCoLC)1244771 aDLCcOCUdDLC apremarc00aD743.2b.E371 aEigener, Ernst.00aMein skizzenbuch,cmit einem vorwort von Helmut Jahn. aBerlin,bPropyläen-verlagc[1941] a[4] p.bplates (part double, part col.)c19 cm.0 aDie Kleine W. I.-reihe 0aWorld War, 1939-1945vPictorial works. 0aWorld War, 1939-1945zGermany. c1901d1901